Finis les paroles - GIMS - Statistiques

Statistiques générales
  • Ce quiz a été pris 2 253 fois
  • Le résultat moyen est 9 sur 12
Statistiques - réponses
Hint Réponse % Correct
Ne me demande pas la Lune, j’ai beaucoup mieux pour.... toi
93%
Ton regard brille pour moi, ce que t’as dans la poitrine, c’est à... moi
86%
Pour garder l’sourire, je me disais qu’y’a... pire
85%
J'étais censé t'aimer, mais j'ai vu l'.... averse
83%
C’est triste à dire mais plus rien n’m’... attriste
81%
Je garde espoir de te revoir dans un proche... avenir
80%
Ça m’a fait mal de t’faire mal, je n’ai jamais autant... souffert
80%
Elle faisait trembler tous les... villages
69%
Je sens que la journée promet d'être... longue
59%
Je t'attends comme si t'allais.... rentrer
53%
Je préfère ton sourire dans un trou d’.... souris
43%
La vie, c'est des envies, l'envie avant les... avis
39%
Aucun quiz correspondant
Distribution des résultats
% des personnes avec chaque résultat
Percentile par nombre de réponses
Votre historique - résultats
Vous n’avez pas pris ce quiz